000 00631nam a2200241Ia 4500
003 OSt
005 20221005130114.0
006 a|||||r|||| 00| 0
007 ta
008 221004b |||||||| |||| 00| 0 eng d
024 _a44281
037 _cTextual
040 _aCRL
_cCRL
_beng
041 _2eng
_aeng
082 _aO157:1M61w, H8
100 _aThompson Edward
_910528
245 0 _aRabindranath Tagore
_b Post and dramatist
260 _c1948
650 _a ENGLISH LITERATURE
650 _aBENGALI LITERATURE
942 _hO157:1M61w, H8
_cTEXL
_2cc
999 _c1056116
_d1056116